Truyện ngắn Việt Nam đương đại : Diễn trình và động hướng

Salvato in:
Dettagli Bibliografici
Autore principale: Lê, Hương Thủy
Natura: Libro
Lingua:Undetermined
Pubblicazione: Hà Nội Đại học Quốc gia Hà Nội 2019
Soggetti:
Tags: Aggiungi Tag
Nessun Tag, puoi essere il primo ad aggiungerne! !
Thư viện lưu trữ: Trung tâm Học liệu Trường Đại học Cần Thơ
LEADER 00643nam a2200193Ia 4500
001 CTU_233288
008 210402s9999 xx 000 0 und d
082 |a 895.922301 
082 |b Th523 
100 |a Lê, Hương Thủy 
245 0 |a Truyện ngắn Việt Nam đương đại : 
245 0 |b Diễn trình và động hướng 
245 0 |c Lê Hương Thủy 
260 |a Hà Nội 
260 |b Đại học Quốc gia Hà Nội 
260 |c 2019 
650 |a Truyện ngắn Việt Nam,Short stories, Vietnamese 
910 |b dqhieu 
980 |a Trung tâm Học liệu Trường Đại học Cần Thơ